Data mining on medical data : Diplomová práca

Salvato in:
Dettagli Bibliografici
Autore principale: Pavlíková, Martina (Autore)
Altri autori: Verschelde, Werner (xxx)
Natura: Manoscritto Libro
Lingua:inglese
Pubblicazione: Trnava : STU v Bratislave MTF UIAM, 2008
Soggetti:
Tags: Aggiungi Tag
Nessun Tag, puoi essere il primo ad aggiungerne!!

MARC

LEADER 00000ntm a22000003a 4500
001 stu167687
005 20160719160007.4
008 080812s2008----xo------------------eng-d
040 |a STU  |b slo 
041 0 |a eng 
044 |a xo 
100 1 |a Pavlíková, Martina  |4 aut 
245 1 |a Data mining on medical data :  |b Diplomová práca 
260 |a Trnava :  |b STU v Bratislave MTF UIAM,  |c 2008 
300 |a 55 s  |c 1 CD-ROM 
500 |a Študijný program: automatizácia a informatizácia procesov 
500 |a Študijný odbor: 5.2.14 automatizácia 
650 7 |a dolovanie dát  |2 stusub 
700 1 |a Verschelde, Werner  |4 xxx 
700 1 |a Vorstermans, Annemie,  |d 1-  |4 csl  |X 54980  |7 A000054980 
996 |b 284M068197  |c M*DP-7480  |l MMSKP  |s P  |a 0  |w stu167687_0001